| 000 | 01325nam a2200313 c 4500 | ||
|---|---|---|---|
| 003 | BLK | ||
| 005 | 20180422115221.0 | ||
| 008 | 180411b bul|||||r ||||||| ||bul|| | ||
| 010 | _aKNG00191221000 | ||
| 040 | _aBLK | ||
| 041 |
_aBUL _cBUL |
||
| 080 |
_aБългарска литература _b821.163.2 _x(081) _z821.163.2(081) |
||
| 080 |
_aБългарска литература _b821.163.2 _x-31 _z821.163.2-31 |
||
| 100 | 1 |
_aГуляшки, Андрей Стоянов _eпърви автор _9368225 |
|
| 139 |
_aГуляшки, Андрей Стоянов _bГ 92 |
||
| 245 | 1 | 0 |
_aИзбрани произведения _bВ 4 т. За том: Романи _cАндрей Стоянов Гуляшки. _nТ. 1. _pСедемте дни на нашия живот ; Романтична повест |
| 257 | _aBGR | ||
| 260 |
_аСофия _bБълг. писател _c1984 - |
||
| 300 | _c21 см | ||
| 380 | _aX | ||
| 500 | _a30 113 тир. | ||
| 653 | _aромани | ||
| 760 | 1 |
_aГуляшки, Андрей Стоянов _d1984 _h384 с. _tТ. 1. Седемте дни на нашия живот ; Романтична повест |
|
| 852 | _aЦб 125464 | ||
| 856 | 4 |
_qpdf _u |
|
| 856 | 4 |
_qpdf _u |
|
| 942 |
_cKNG _n0 |
||
| 944 |
_aCR _c30.09.2016 _kПравда_Бадева |
||
| 944 |
_aED _c30.09.2016 _kПравда_Бадева |
||
| 999 |
_c182298 _d182298 |
||